000 00243nam a2200097Ia 4500
008 240625s9999 xx 000 0 und d
041 _aeng
082 _a808.20 VER
100 _aVERMA LOVENISH
245 _aTELE INVESTMENT SERVICES VIA FINANCIAL P
999 _c38076
_d38076